Alle Fußballvereine aus Niedersachsen in den Top 4 Ligen - Statistiken

Allgemein
  • Dieses Quiz wurde 67 mal gespielt
  • Das Durchschnittsergebnis liegt bei 10 aus 14
Antwortstatistiken
Liga Verein % Korrekt
2. Bundesliga Eintracht Braunschweig
98%
2. Bundesliga Hannover 96
97%
Regionalliga Nord Hannover 96 ll
97%
Bundesliga VFL Wolfsburg
97%
3. Liga VFL Osnabrück
95%
Regionalliga Nord VFB Oldenburg
92%
Regionalliga Nord Kickers Emden
82%
3. Liga TSV Havelse
79%
Regionalliga Nord SV Meppen
77%
Regionalliga Nord SSV Jeddeloh ll
55%
Regionalliga Nord SV Drochtersen/Assel
50%
Regionalliga Nord Blau-Weiß Lohne
29%
Regionalliga Nord FSV Schöningen
27%
Regionalliga Nord HSC Hannover
23%
Keine übereinstimmenden Quizze gefunden
Verteilung der Resultate
Anzahl Personen mit jedem Resultat
Perzentil nach korrekt beantworteten Fragen
Ihre Resultats-Entwicklung
Sie haben dieses Quiz noch nicht gespielt